| 000 | 00000nam##2200000za#4500 |
| 001 | 9.676781 |
| 003 | CaOODSP |
| 005 | 20210624230039 |
| 007 | cr ||||||||||| |
| 008 | 150407|2005||||xxc|||||o f|0| 0 eng|d |
| 040 | |aCaOODSP|beng |
| 041 | |aeng |
| 041 | |afre |
| 043 | |an-cn--- |
| 086 | 1 |aA22-307/2005-PDF |
| 110 | 1 |aCanada. |bAgriculture and Agri-Food Canada. |
| 245 | 10|aOur strawberries |h[electronic resource] |
| 260 | |aOttawa - Ontario : |bAgriculture and Agri-Food Canada |c2005. |
| 300 | |a552p.|bcoloured illus., references, tables, photographs, index |
| 500 | |aDigitized edition from print [by Publishing and Depository Services, 2014]. |
| 520 | 3 |aOur Strawberries is a very comprehensive illustrated book of strawberry varieties. It describes over 170 strawberry varieties using information collected during 1989-2004 from the Agriculture and Agri-Food Canada experimental growing sites in L’Acadie (Quebec); it also includes some information gathered from the published scientific literature for comparison with those collected locally. The book is a valuable reference for strawberry breeders, scientists interested in strawberry culture, extensionists, growers, and home gardeners. |
| 590 | |a14-22-Supp|b2014-12-24 |
| 690 | 07|aFruits|2gcpds |
| 776 | 0#|tLes fraisiers de chez nous |w(CaOODSP)9.664676 |
| 792 | |tLes fraisiers de chez nous |efre|w(CaOODSP)9.676782 |
| 856 | 40|ahttp://publications.gc.ca|qPDF|s121.09 MB|uhttps://publications.gc.ca/collections/collection_2014/aac-aafc/A22-307-2005.pdf |